000 00613cam a2200217 i 4500
001 1272213
005 20180215035214.0
008 760227s1976 txu b 001 0 eng
010 _a 75022674
020 _a9780078111006
040 _aDLC
_cDLC
_dDLC
041 _aeng
080 _a330.722
082 0 0 _a330.722 GAR
_219
100 1 _a54
101 _a62
245 1 0 _aManagerial accounting :
_cRay H. Garrison.
504 _aIncludes bibliographical references and index.
906 _a7
_bcbc
_corignew
_d2
_eocip
_f19
_gy-gencatlg
942 _2ddc
_cBK
999 _c42588
_d42588